00482nam a2200205Ia 4500003000900000008004100009040001300050040001300063041000800076100002000084245007900104250001100183260000800194260000900202300001100211300001200222490001300234490000700247600002200254IT-RoPAU120407s9999 xx 000 0 und d aIT-RoPAU cIT-RoPAU aita aGaston Mialaret aUna scuola nuova per un mondo nuovo . Trad. dal franc. di Concetta Ferara. aTorino aSei c1968 a196 p. c20,5 cm aI rubini v11 a1. Scuola attiva.